000 00776nam a2200241Ia 4500
008 160517s9999 xx 000 0 und d
050 _aNC 1765
050 _b.D362 2016
100 _ade los Reyes, Cheska Marie C.
245 _aKasama si Dexi :
245 _ban animation series on voter's registration and automated voting in the philippines /
245 _cCheska Marie C. de los Reyes, Angelica Grace G. Echavez, Joy Paula R. Gervacio, Christian Marson D. Heredero.
260 _aLas PiƱas, Philippines :
260 _bSISC,
260 _c2016
300 _a47 pages :
300 _billustrations ;
300 _c28 cm.
500 _aIncludes bibliographical references and appendices.
521 _aMedia Arts
650 _aAnimation.
942 _cTH
999 _c293884
_d293884